| 000 | 00543nam a22001817a 4500 | ||
|---|---|---|---|
| 005 | 20251108172928.0 | ||
| 008 | 250721s2003 xx 000 0 ara d | ||
| 082 | 1 | 4 | _a616.5/زوك |
| 100 | 1 | _aزوكار، عماد محمد | |
| 245 | 1 | 0 | _aأسئلة سريرية في أمراض الجلد / |
| 264 | 1 |
_aدمشق : _bدار القدس للعلوم، _c2003. |
|
| 300 | _a94 ص | ||
| 490 | 0 |
_aالتعليم الطبي المستمر _v1 |
|
| 650 | 1 | 7 | _aأمراض الجلد |
| 650 | 1 | 7 | _aالطب |
| 942 |
_2ddc _cBK |
||
| 999 |
_c92083 _d92083 |
||